000 00827nam a2200277 a 4500
008
020 _a0632009985 (pbk)
049 _aMAIN
090 _aQL751
_bBEH
245 0 0 _aBehavioural ecology :
_ban evolutionary approach /
_cedited by J.R. Krebs and N.B. Davies.
250 _a2nd ed.
260 _aOxford :
_bBlackwell Scientific,
_c1984.
300 _axi, 493 p. :
_bill. ;
_c25 cm.
500 _aIncludes index.
504 _aIncludes bibliographical references.
650 0 _aAnimal behavior.
650 0 _aAnimal ecology.
650 0 _aEvolution.
700 _aKrebs, J. R
_q(John R.)
700 _aDavies, N. B
_q(Nicholas B)
907 _a.b10365813
_b16-11-15
_c16-11-15
003
005 20230123122156.0
040 _cNUST
942 _cBOOKS
_kQL751
_mBEH
999 _c129114
_d129114